000 00494cam a2200145 4500500
005 20251228074301.0
041 _afre
042 _adc
100 1 0 _aBaron, Anne-Marie
_eauthor
245 0 0 _aQuelques formes du Mal biblique dans « La Comédie humaine »
260 _c2016.
500 _a13
786 0 _nL'Année balzacienne | 17 | 1 | 2016-11-04 | p. 277-294 | 0084-6473
856 4 1 _uhttps://shs.cairn.info/revue-l-annee-balzacienne-2016-1-page-277?lang=fr&redirect-ssocas=7080
999 _c1597420
_d1597420